| 000 | 00580nam a2200229Ia 4500 | ||
|---|---|---|---|
| 005 | 20241129120216.0 | ||
| 008 | 241129s9999||||xx |||||||||||||| ||und|| | ||
| 020 | _a9789352873708 | ||
| 037 | _aTB | ||
| 040 |
_aSDCL _beng _cSDCL |
||
| 041 |
_aeng _2eng |
||
| 084 |
_aY5927.2'N, R3 _qSDCL |
||
| 100 |
_aKamble Baby _938074 |
||
| 245 | 0 | _aPrisons we broke | |
| 250 | _a2nd | ||
| 260 |
_aNew Delhi _bOrient BlackSwan _c2023 |
||
| 300 | _axxii,178p. | ||
| 365 |
_aINR _b780 |
||
| 650 | _aReference | ||
| 942 |
_cTB _hY5927.2'N, R3 |
||
| 999 |
_c1233814 _d1233814 |
||